Mlha /
Závěrečný román z volné detektivní série Skrytý Island.
Uloženo v:
| Série: | Skrytý Island,
část 3 |
|---|---|
| Hlavní autor: | |
| Další autoři: | |
| Médium: | E-kniha |
| Jazyk: | Czech |
| Vydáno: |
Praha :
Dobrovský s.r.o.,
2022
|
| Edice: | Knihy Omega
|
| Témata: | |
| Příbuzné jednotky: | Z cyklu::
Skrytý Island |
| Tagy: |
Žádné tagy |
| LEADER | 02712nam a2200469 i 4500 | ||
|---|---|---|---|
| 001 | 311635 | ||
| 003 | CZ PrSKC | ||
| 005 | 20260601215709.0 | ||
| 007 | ta | ||
| 008 | 220721s2022 xr g 000 f cze | ||
| 015 | |a cnb003396612 | ||
| 020 | |a 9788027704927 |q (vázáno) | ||
| 035 | |a (OCoLC)1350559635 | ||
| 040 | |a ABG001 |b cze |e rda | ||
| 041 | 1 | |a cze |h ice | |
| 072 | 7 | |a 821.11 |x Germánské literatury |2 Konspekt | |
| 080 | |a 821.113.3-31 |2 MRF | ||
| 080 | |a (0:82-312.4) |2 MRF | ||
| 100 | 0 | |a Ragnar Jónasson, |d 1976- |7 xx0234263 |4 aut | |
| 240 | 1 | 0 | |a Mistur. |l Česky |
| 245 | 1 | 0 | |a Mlha / |c Ragnar Jónasson ; přeložila Martina Kašparová |
| 264 | 1 | |a Praha : |b Dobrovský s.r.o., |c 2022 | |
| 300 | |a 255 stran ; |c 21 cm | ||
| 336 | |a text |b txt |2 rdacontent | ||
| 337 | |a bez média |b n |2 rdamedia | ||
| 338 | |a svazek |b nc |2 rdacarrier | ||
| 490 | 1 | |a Knihy Omega | |
| 500 | |a Přeloženo z islandštiny | ||
| 500 | |a Tisková chyba ve jménu překladatelky v tiráži: Marina Kašparová, správně má být: Martina Kašparová | ||
| 520 | 2 | |a Závěrečný román z volné detektivní série Skrytý Island. |b Těsně před Vánoci roku 1987 zavítá k manželům žijícím na odlehlém statku na východě Islandu neznámý muž a prosí o útočiště před vánicí. Tvrdí, že se v oslepujícím chumelení ztratil svým přátelům, ale hospodářce na jeho příběhu něco nehraje. Postupem času atmosféra v domě houstne, a to nejen kvůli výpadku proudu a telefonního spojení. Ženino neblahé tušení se potvrzuje a ne všichni přežijí nečekanou návštěvu ve zdraví. Na vyšetřování složitého případu je nasazena kriminální inspektorka Hulda Hermannsdóttir, a to jen několik měsíců poté, co ji samotnou potkala příšerná rodinná tragédie, jejíž následky si s sebou ponese až do konce života. Nakladatelská anotace. | |
| 655 | 7 | |a islandské romány |7 fd183383 |2 czenas | |
| 655 | 7 | |a detektivní romány |7 fd132010 |2 czenas | |
| 655 | 9 | |a Icelandic fiction |2 eczenas | |
| 655 | 9 | |a detective novels |2 eczenas | |
| 700 | 1 | |a Kašparová, Martina, |d 1987- |7 js20130226001 |4 trl | |
| 787 | 0 | 8 | |i Z cyklu: |t Skrytý Island |g 3 |
| 830 | 0 | |a Knihy Omega | |
| 900 | |a ABA001 |b 20 | ||
| 044 | |a xr | ||
| 910 | |a RBIT002 | ||
| 998 | |d 358337 |a https://core.palmknihy.cz/api/books/358337/cover?rgqwvq |b https://core.palmknihy.cz/api/books/358337/cover/400?rgqwvq |c https://core.palmknihy.cz/api/books/358337/cover/50?rgqwvq |e 2026-09-13 |g 264 |i 9788027704927 |j https://core.palmknihy.cz/api/books/358337/preview.epub |k https://core.palmknihy.cz/api/books/358337/preview.pdf |l |q 49 |r 1 |s https://www.palmknihy.cz/kniha/358337 |t ebook |y 2022 |z 0 |v Hulda Hermannsdóttir |w 3 | ||
| 999 | |d 311633 | ||